Văn bản pháp luật mới về khoa học công nghệ môi trường

Nội dung gồm Luật Khoa học và Công nghệ, nghị quyết của Chính phủ về xây dựng và phát triển công nghiệp phần mềm giai đoạn 2000 - 2005, nghị định của Chính phủ về xử phạt hành chính trong lĩnh vực Nhà nước về chuyển giao công nghệ...

全面介紹

Đã lưu trong:
書目詳細資料
Nhiều tác giả của công ty: Bộ Khoa học và Công nghệ và Môi trường ., Vụ Pháp chế
格式: 圖書
語言:Undetermined
出版: Hà Nội Khoa học và Kỹ thuật 2000
主題:
標簽: 添加標簽
沒有標簽, 成為第一個標記此記錄!
Thư viện lưu trữ: Trung tâm Học liệu Trường Đại học Cần Thơ
LEADER 01100nam a2200193Ia 4500
001 CTU_141920
008 210402s9999 xx 000 0 und d
082 |a 343.59709 
082 |b V500/T.3 
110 |a Bộ Khoa học và Công nghệ và Môi trường . 
110 |b Vụ Pháp chế 
245 0 |a Văn bản pháp luật mới về khoa học công nghệ môi trường 
245 0 |c Bộ Khoa học và Công nghệ và Môi trường . Vụ Pháp chế 
260 |a Hà Nội 
260 |b Khoa học và Kỹ thuật 
260 |c 2000 
520 |a Nội dung gồm Luật Khoa học và Công nghệ, nghị quyết của Chính phủ về xây dựng và phát triển công nghiệp phần mềm giai đoạn 2000 - 2005, nghị định của Chính phủ về xử phạt hành chính trong lĩnh vực Nhà nước về chuyển giao công nghệ 
650 |a Scientific management,Scientific vietnamese,Law scientific 
980 |a Trung tâm Học liệu Trường Đại học Cần Thơ